[Event "57th Capablanca Mem Elite"]
[Site "Havana CUB"]
[Date "2024.05.03"]
[Round "1.1"]
[White "Andersen, Mads"]
[Black "Quesada Perez, Luis Ernesto"]
[Result "0-1"]
[WhiteTitle "GM"]
[BlackTitle "GM"]
[WhiteElo "2598"]
[BlackElo "2567"]
[WhiteFideId "1413864"]
[BlackFideId "3520773"]
[EventDate "2024.05.03"]

1. e4 e5 2. Nf3 Nc6 3. Bb5 Nf6 4. d3 Bc5 5. c3 d5 6. Nbd2 dxe4 7. dxe4 O-O 8.
O-O a5 9. Qc2 Qe7 10. a4 Rd8 11. h3 Nb8 12. Re1 Nbd7 13. Nf1 Nf8 14. Ng3 h6 15.
Bc4 c6 16. Nh4 Be6 17. Nhf5 Qc7 18. Qe2 Bxc4 19. Qxc4 Ne6 20. Qe2 Rd7 21. Qf3
Qd8 22. Be3 Bxe3 23. Nxe3 Ng5 24. Qf5 Qe7 25. Ng4 Nxg4 26. Qxg4 Rad8 27. Red1 g6
28. h4 Ne6 29. Rxd7 Qxd7 30. h5 Ng5 31. Qe2 Qd3 32. Qg4 Kg7 33. Rf1 Qd2 34. f4
Qe3+ 35. Kh2 exf4 36. Rxf4 Qc5 37. hxg6 fxg6 38. Ne2 Qe5 39. Kg1 Rd1+ 40. Kf2 h5
41. Qh4 Rd2 42. Kf1 Rxb2 43. Nd4 Kh6 44. Rg4 Nf7 45. Qh3 Qf6+ 46. Nf3 Ne5 47.
Rg3 Nxf3 48. Rxf3 Qg5 49. Kg1 Re2 50. Rg3 Qe5 51. Rg4 Qe6 52. Rf4 Qxh3 53. gxh3
Kg5 54. Rf7 Rxe4 55. Rxb7 Rxa4 56. Ra7 Kh4 57. Rg7 g5 0-1

[Event "57th Capablanca Mem Elite"]
[Site "Havana CUB"]
[Date "2024.05.03"]
[Round "1.2"]
[White "Romanov, Evgeny"]
[Black "Ponomariov, Ruslan"]
[Result "0-1"]
[WhiteTitle "GM"]
[BlackTitle "GM"]
[WhiteElo "2598"]
[BlackElo "2646"]
[WhiteFideId "4148843"]
[BlackFideId "14103320"]
[EventDate "2024.05.03"]

1. d4 Nf6 2. c4 e6 3. Nf3 d5 4. g3 Bb4+ 5. Bd2 a5 6. Bg2 O-O 7. Qc1 Be7 8. O-O
c6 9. Nc3 Nbd7 10. Rd1 dxc4 11. Bg5 Nd5 12. Bxe7 Qxe7 13. e4 Nxc3 14. bxc3 e5
15. Nxe5 Nxe5 16. dxe5 Qxe5 17. Qe3 f6 18. a4 Be6 19. Qb6 Qxc3 20. Qxb7 Rac8 21.
Qa7 Rfd8 22. Rdc1 Qe5 23. Rab1 Rb8 24. Rxb8 Rxb8 25. h4 Qb2 26. Bf1 h5 27. Rc2
Qb1 28. Rc1 Qxc1 29. Qxb8+ Kh7 30. Qe8 Bg4 31. Kg2 Qd1 0-1

[Event "57th Capablanca Mem Elite"]
[Site "Havana CUB"]
[Date "2024.05.03"]
[Round "1.3"]
[White "Aryan, Chopra"]
[Black "Albornoz Cabrera, Carlos Daniel"]
[Result "1-0"]
[WhiteTitle "GM"]
[BlackTitle "GM"]
[WhiteElo "2630"]
[BlackElo "2604"]
[WhiteFideId "5084423"]
[BlackFideId "3518736"]
[EventDate "2024.05.03"]

1. e4 c5 2. Nf3 d6 3. d4 cxd4 4. Nxd4 Nf6 5. Nc3 a6 6. Be3 Ng4 7. Bg5 h6 8. Bh4
g5 9. Bg3 Bg7 10. h3 Nf6 11. Be2 O-O 12. h4 g4 13. O-O Nc6 14. Nxc6 bxc6 15. e5
Nh5 16. exd6 Nxg3 17. dxe7 Qxe7 18. fxg3 Rb8 19. Bxg4 f5 20. Bf3 f4 21. gxf4
Rxb2 22. Ne2 Qxh4 23. c3 Qe7 24. Re1 Rd8 25. Qa4 Rdd2 26. Qxc6 Bb7 27. Qc4+ Kh8
28. Bxb7 Qxb7 29. Rad1 Rxa2 30. Qe6 Qb5 31. Rxd2 Rxd2 32. Nd4 Qc5 33. Qg6 Bxd4+
34. cxd4 Qxd4+ 35. Kh1 Rd1 36. Qxh6+ Kg8 37. Qg6+ Kf8 38. Qf5+ 1-0

[Event "57th Capablanca Mem Elite"]
[Site "Havana CUB"]
[Date "2024.05.04"]
[Round "2.1"]
[White "Albornoz Cabrera, Carlos Daniel"]
[Black "Ponomariov, Ruslan"]
[Result "1/2-1/2"]
[WhiteTitle "GM"]
[BlackTitle "GM"]
[WhiteElo "2604"]
[BlackElo "2646"]
[WhiteFideId "3518736"]
[BlackFideId "14103320"]
[EventDate "2024.05.03"]

1. e4 e5 2. Nf3 Nc6 3. Bb5 Nf6 4. d3 Bc5 5. c3 O-O 6. O-O d5 7. Nbd2 Re8 8. exd5
a6 9. Bxc6 bxc6 10. Nb3 Qxd5 11. c4 Qd6 12. Nxc5 Qxc5 13. Be3 Qd6 14. h3 c5 15.
Qb3 Bf5 16. Rad1 Qc6 17. Nh4 Be6 18. f4 e4 19. f5 Bc8 20. d4 cxd4 21. Bxd4 Bb7
22. Qe3 Qxc4 23. Bxf6 gxf6 24. Rc1 Qd3 25. Qh6 e3 26. Rc3 Qd6 27. Rf4 Kh8 28.
Rg4 Qd1+ 29. Kh2 Qd6+ 30. Kg1 Qd1+ 31. Kh2 Qd6+ 32. Kg1 1/2-1/2

[Event "57th Capablanca Mem Elite"]
[Site "Havana CUB"]
[Date "2024.05.04"]
[Round "2.2"]
[White "Aryan, Chopra"]
[Black "Andersen, Mads"]
[Result "1/2-1/2"]
[WhiteTitle "GM"]
[BlackTitle "GM"]
[WhiteElo "2630"]
[BlackElo "2598"]
[WhiteFideId "5084423"]
[BlackFideId "1413864"]
[EventDate "2024.05.03"]

1. c4 e6 2. Nc3 d5 3. d4 Nf6 4. cxd5 exd5 5. Bg5 Be7 6. e3 h6 7. Bh4 O-O 8. Bd3
c6 9. Nge2 Re8 10. O-O Nbd7 11. f3 b5 12. Rc1 a5 13. Bf2 Ba6 14. Nf4 Bd6 15. Re1
a4 16. Nce2 c5 17. dxc5 Nxc5 18. Bb1 Ne6 19. Qd2 b4 20. b3 axb3 21. axb3 Qb8 22.
g3 Qb7 23. Nd4 Nxd4 24. exd4 Rxe1+ 25. Bxe1 Re8 26. Nd3 Qb5 27. Bf2 Rc8 28. Nc5
Qe2 29. Qxe2 Bxe2 30. Kg2 Nd7 31. Bf5 Bb5 32. Ra1 Bxc5 33. dxc5 g6 34. Ra5 Bc6
35. Bh3 f5 36. g4 Ne5 37. Bg3 fxg4 38. Bxe5 gxh3+ 39. Kxh3 Ra8 40. Rxa8+ Bxa8
41. Kg3 Kf7 42. Bf4 h5 43. Bd2 d4 44. Bxb4 Bd5 45. Kf4 Ke6 46. Bd2 Bxb3 47. Ke4 1/2-1/2

[Event "57th Capablanca Mem Elite"]
[Site "Havana CUB"]
[Date "2024.05.04"]
[Round "2.3"]
[White "Quesada Perez, Luis Ernesto"]
[Black "Romanov, Evgeny"]
[Result "1/2-1/2"]
[WhiteTitle "GM"]
[BlackTitle "GM"]
[WhiteElo "2567"]
[BlackElo "2598"]
[WhiteFideId "3520773"]
[BlackFideId "4148843"]
[EventDate "2024.05.03"]

1. d4 d5 2. c4 dxc4 3. e3 e5 4. Bxc4 exd4 5. exd4 Nf6 6. Nf3 Bd6 7. O-O O-O 8.
Nc3 Nc6 9. h3 h6 10. Qc2 Ne7 11. Ne5 c6 12. Qb3 Nfd5 13. Re1 Bc7 14. Nxd5 cxd5
15. Bd3 Bb6 16. Nf3 Bf5 17. Bd2 Bxd3 18. Qxd3 Nc6 19. Re2 Re8 20. Rae1 Rxe2 21.
Rxe2 Qf6 22. Bc3 Qg6 23. Qd1 1/2-1/2

[Event "57th Capablanca Mem Elite"]
[Site "Havana CUB"]
[Date "2024.05.05"]
[Round "3.1"]
[White "Romanov, Evgeny"]
[Black "Aryan, Chopra"]
[Result "1/2-1/2"]
[WhiteTitle "GM"]
[BlackTitle "GM"]
[WhiteElo "2598"]
[BlackElo "2630"]
[WhiteFideId "4148843"]
[BlackFideId "5084423"]
[EventDate "2024.05.03"]

1. d4 Nf6 2. c4 g6 3. g3 Bg7 4. Bg2 O-O 5. Nc3 d6 6. h3 e5 7. Nf3 Nc6 8. d5 Ne7
9. e4 Nd7 10. h4 h6 11. h5 g5 12. g4 Nf6 13. Nh2 c6 14. a4 a5 15. f3 c5 16. Nf1
Bd7 17. Ne3 Ra6 18. Bf1 Re8 19. Bd3 Qb8 20. Bd2 Ra8 21. Kf2 Kf8 22. Ra3 b6 23.
Qc1 Rd8 24. Nf5 Nxf5 25. exf5 Nh7 26. f6 Nxf6 27. Bxg5 hxg5 28. h6 Bh8 29. Qxg5
e4 30. Bxe4 Re8 31. h7 Bxg4 32. Qf4 Bd7 33. Raa1 Re5 34. Rag1 Ke7 35. Rh6 Nh5
36. Qh2 Qf8 37. Rxh5 Rxh5 38. Qxh5 Bd4+ 39. Kf1 Bxg1 40. Qh4+ f6 41. Kxg1 Qg7+
42. Kf2 Rh8 43. Nb5 Qg5 44. Qxg5 fxg5 45. Kg3 Bxb5 46. cxb5 c4 47. Kg4 Kf6 48.
Kh5 Kg7 49. Kxg5 Re8 50. Kf4 Re5 51. Kg4 Kh8 52. Kh4 Kg7 53. Kg4 Kh8 54. Kh4 Kg7
55. Kg4 Kh8 1/2-1/2

[Event "57th Capablanca Mem Elite"]
[Site "Havana CUB"]
[Date "2024.05.05"]
[Round "3.2"]
[White "Andersen, Mads"]
[Black "Albornoz Cabrera, Carlos Daniel"]
[Result "1/2-1/2"]
[WhiteTitle "GM"]
[BlackTitle "GM"]
[WhiteElo "2598"]
[BlackElo "2604"]
[WhiteFideId "1413864"]
[BlackFideId "3518736"]
[EventDate "2024.05.03"]

1. e4 c5 2. Nf3 d6 3. Bb5+ Bd7 4. c4 Nf6 5. Nc3 g6 6. Bxd7+ Nbxd7 7. d3 Bg7 8.
h3 O-O 9. Be3 Rc8 10. Qd2 a6 11. Rc1 Ne5 12. Nxe5 dxe5 13. g4 Qd6 14. f3 Rfd8
15. Rd1 b5 16. h4 h5 17. Rg1 Qc6 18. Nd5 Rd7 19. Bg5 hxg4 20. fxg4 Nxd5 21. cxd5
Qd6 22. b3 e6 23. dxe6 Qxe6 24. Qe2 c4 25. dxc4 bxc4 26. Rxd7 Qxd7 27. Be3 Qb7
28. bxc4 Qxe4 29. c5 Bf8 30. h5 Bxc5 31. Bxc5 Qxe2+ 32. Kxe2 Rxc5 33. hxg6 f6
34. g5 f5 35. Rf1 f4 36. Kf3 Kg7 37. Kg4 Kxg6 38. Rh1 Rc3 39. Rh6+ Kg7 40. Re6
Rg3+ 41. Kh5 Rh3+ 42. Kg4 Re3 43. g6 Kh6 44. Kf5 Rg3 45. Rxe5 f3 46. Re1 Rxg6
47. Rf1 Kg7 48. Rxf3 Rf6+ 49. Ke4 Rxf3 50. Kxf3 1/2-1/2

[Event "57th Capablanca Mem Elite"]
[Site "Havana CUB"]
[Date "2024.05.05"]
[Round "3.3"]
[White "Ponomariov, Ruslan"]
[Black "Quesada Perez, Luis Ernesto"]
[Result "1-0"]
[WhiteTitle "GM"]
[BlackTitle "GM"]
[WhiteElo "2646"]
[BlackElo "2567"]
[WhiteFideId "14103320"]
[BlackFideId "3520773"]
[EventDate "2024.05.03"]

1. e4 e5 2. Nf3 Nc6 3. Bc4 Bc5 4. d3 Nf6 5. a4 d6 6. a5 a6 7. c3 Ba7 8. O-O O-O
9. Be3 Bxe3 10. fxe3 d5 11. exd5 Nxd5 12. Qe1 Be6 13. Nbd2 Qe7 14. Ne4 Rad8 15.
b4 Bc8 16. Nc5 Kh8 17. e4 Nf4 18. Qe3 f6 19. g3 Ng6 20. Kg2 Rd6 21. Rf2 Rfd8 22.
h4 Nf8 23. h5 h6 24. Nh4 Qe8 25. Nf5 Bxf5 26. exf5 Rb8 27. Ne4 Rdd8 28. b5 axb5
29. Bxb5 Nd7 30. a6 Ne7 31. Nxf6 Nxf6 32. Bxe8 Rxe8 33. a7 1-0

[Event "57th Capablanca Mem Elite"]
[Site "Havana CUB"]
[Date "2024.05.06"]
[Round "4.1"]
[White "Aryan, Chopra"]
[Black "Ponomariov, Ruslan"]
[Result "1/2-1/2"]
[WhiteTitle "GM"]
[BlackTitle "GM"]
[WhiteElo "2630"]
[BlackElo "2646"]
[WhiteFideId "5084423"]
[BlackFideId "14103320"]
[EventDate "2024.05.03"]

1. e4 e5 2. Nf3 Nc6 3. Bc4 Nf6 4. d3 Be7 5. O-O O-O 6. Nc3 d6 7. a3 h6 8. h3 Re8
9. Be3 Bf8 10. Nh2 Be6 11. Bxe6 Rxe6 12. Nd5 Ne7 13. c4 c6 14. Nxf6+ Rxf6 15. h4
d5 16. h5 Qd7 17. Ng4 Re6 18. Qf3 f6 19. Bc5 f5 20. cxd5 cxd5 21. exf5 Nxf5 22.
Qxf5 Bxc5 23. Nxe5 Qd6 24. Rae1 Rf8 25. Nf7 Rxe1 26. Nxd6 Rxf5 27. Nxf5 Re2 28.
d4 Bb6 29. b4 Rd2 30. Rc1 Bxd4 31. Nxd4 Rxd4 32. Rc7 Rd1+ 33. Kh2 Ra1 34. Rxb7
Rxa3 35. Rd7 Rb3 36. Rxd5 Rxb4 37. Ra5 Rg4 38. Rxa7 Rh4+ 39. Kg3 1/2-1/2

[Event "57th Capablanca Mem Elite"]
[Site "Havana CUB"]
[Date "2024.05.06"]
[Round "4.2"]
[White "Andersen, Mads"]
[Black "Romanov, Evgeny"]
[Result "1-0"]
[WhiteTitle "GM"]
[BlackTitle "GM"]
[WhiteElo "2598"]
[BlackElo "2598"]
[WhiteFideId "1413864"]
[BlackFideId "4148843"]
[EventDate "2024.05.03"]

1. e4 e6 2. d4 d5 3. Nc3 Bb4 4. Ne2 Nf6 5. e5 Nfd7 6. f4 b6 7. a3 Be7 8. f5 exf5
9. Nxd5 Bb7 10. Nef4 O-O 11. Bc4 Bh4+ 12. g3 b5 13. Be2 Bg5 14. Bf3 c6 15. Nc3
Qb6 16. Nfd5 cxd5 17. Bxg5 h6 18. Bf4 g5 19. Bc1 Re8 20. Nxd5 Bxd5 21. Bxd5 Nc6
22. Bxc6 Qxc6 23. O-O Rad8 24. Qe2 f6 25. Rxf5 fxe5 26. Bxg5 Qg6 27. Bxd8 Qxf5
28. Bh4 Rc8 29. c3 exd4 30. Rf1 d3 31. Rxf5 dxe2 32. Kf2 Re8 33. Ke1 a6 34. Rd5
Ne5 35. Kxe2 Nc4+ 36. Kf3 Nxb2 37. Rd6 a5 38. Rb6 Re5 39. Bf6 Rh5 40. g4 Rxh2
41. Rxb5 Nc4 42. Rc5 Nd2+ 43. Ke3 a4 44. Rc7 Nb1 45. Ra7 Rh3+ 46. Ke4 Nxc3+ 47.
Kf5 Nd5 48. Be5 Nb6 49. Ke6 Nc4 50. Ra8+ Kh7 51. Rh8+ Kg6 52. Rg8+ Kh7 53. Rg7+
Kh8 54. Bf6 Re3+ 55. Kf5 1-0

[Event "57th Capablanca Mem Elite"]
[Site "Havana CUB"]
[Date "2024.05.06"]
[Round "4.3"]
[White "Albornoz Cabrera, Carlos Daniel"]
[Black "Quesada Perez, Luis Ernesto"]
[Result "1-0"]
[WhiteTitle "GM"]
[BlackTitle "GM"]
[WhiteElo "2604"]
[BlackElo "2567"]
[WhiteFideId "3518736"]
[BlackFideId "3520773"]
[EventDate "2024.05.03"]

1. e4 e5 2. Nf3 Nc6 3. Bb5 Nf6 4. d3 Bc5 5. Bg5 h6 6. Bh4 d6 7. c3 O-O 8. Nbd2
Bb6 9. Nc4 a6 10. Nxb6 cxb6 11. Ba4 b5 12. Bc2 Qe7 13. Nd2 Nd8 14. Nf1 Ne6 15.
Ne3 Qd8 16. d4 g5 17. Bg3 Nf4 18. h4 Kg7 19. Qd2 Ng4 20. hxg5 hxg5 21. O-O-O Qf6
22. Nd5 Nxd5 23. exd5 Bf5 24. f3 Bxc2 25. Qxc2 Nh6 26. dxe5 dxe5 27. Qe4 Rfe8
28. Rde1 Qg6 29. Bxe5+ f6 30. Qxg6+ Kxg6 31. Bc7 Nf7 32. d6 Ne5 33. Rxe5 fxe5
34. d7 Red8 35. Rd1 Kf6 36. Rd5 g4 37. fxg4 Ke6 38. Rxe5+ Kxd7 39. Bxd8 Kxd8 40.
Kd2 Kd7 41. Ke3 Kd6 42. Kf4 Rf8+ 43. Rf5 Rh8 44. g5 1-0

[Event "57th Capablanca Mem Elite"]
[Site "Havana CUB"]
[Date "2024.05.07"]
[Round "5.1"]
[White "Romanov, Evgeny"]
[Black "Albornoz Cabrera, Carlos Daniel"]
[Result "1/2-1/2"]
[WhiteTitle "GM"]
[BlackTitle "GM"]
[WhiteElo "2598"]
[BlackElo "2604"]
[WhiteFideId "4148843"]
[BlackFideId "3518736"]
[EventDate "2024.05.03"]

1. d4 Nf6 2. c4 e6 3. Nf3 d5 4. g3 Be7 5. Bg2 O-O 6. Nc3 a5 7. O-O c6 8. Nd2 b5
9. cxb5 cxb5 10. Nxb5 Qb6 11. Nc3 Qxd4 12. e4 Nc6 13. exd5 Nxd5 14. Nxd5 exd5
15. Qh5 Nb4 16. Nf3 Qg4 17. Qxg4 Bxg4 18. h3 Nc2 19. Rb1 Bf5 20. Bf4 Nb4 21.
Rbd1 Be4 22. Ne5 Rfd8 23. a3 f6 24. axb4 fxe5 25. Bxe5 Bxb4 26. Bc7 Bxg2 27.
Kxg2 Rd7 28. Be5 Rc8 29. f4 Kf7 30. Rd3 Rc2+ 31. Kf3 Ke6 32. Rfd1 g6 33. g4 g5
34. Re3 gxf4 35. Bxf4+ Kf7 36. Re2 Rxe2 37. Kxe2 Be7 38. Be5 Ke6 39. Bc3 Bf6 40.
Bxa5 Bxb2 41. Rb1 Bf6 42. Kd3 Ra7 43. Rb6+ Kf7 44. Rb5 Ke6 45. Rb6+ Kf7 46. Rb5
Ke6 47. Rb6+ Ke5 1/2-1/2

[Event "57th Capablanca Mem Elite"]
[Site "Havana CUB"]
[Date "2024.05.07"]
[Round "5.2"]
[White "Quesada Perez, Luis Ernesto"]
[Black "Aryan, Chopra"]
[Result "1/2-1/2"]
[WhiteTitle "GM"]
[BlackTitle "GM"]
[WhiteElo "2567"]
[BlackElo "2630"]
[WhiteFideId "3520773"]
[BlackFideId "5084423"]
[EventDate "2024.05.03"]

1. d4 Nf6 2. c4 e6 3. Nc3 d5 4. cxd5 exd5 5. Bg5 Bb4 6. e3 h6 7. Bh4 g5 8. Bg3
Ne4 9. Ne2 h5 10. h3 Nxg3 11. Nxg3 h4 12. Nh5 Qe7 13. Rc1 Nd7 14. a3 Bxc3+ 15.
Rxc3 Nb6 16. Be2 c6 17. O-O Bd7 18. f4 O-O-O 19. fxg5 Qxg5 20. Nf4 Rhg8 21. Rf2
Kb8 22. b4 Qe7 23. Qb3 Rg3 24. a4 Rdg8 25. a5 Nc4 26. Bxc4 dxc4 27. Qxc4 Bxh3
28. Nxh3 Rxh3 29. Rxf7 Qe4 30. Rxb7+ Kxb7 31. Qf7+ Ka6 32. Qf1+ Kb7 33. Qf7+ Ka6
34. Qf1+ Kb7 35. Qf7+ Ka6 1/2-1/2

[Event "57th Capablanca Mem Elite"]
[Site "Havana CUB"]
[Date "2024.05.07"]
[Round "5.3"]
[White "Ponomariov, Ruslan"]
[Black "Andersen, Mads"]
[Result "1-0"]
[WhiteTitle "GM"]
[BlackTitle "GM"]
[WhiteElo "2646"]
[BlackElo "2598"]
[WhiteFideId "14103320"]
[BlackFideId "1413864"]
[EventDate "2024.05.03"]

1. c4 e6 2. g3 d5 3. Bg2 Nf6 4. Nf3 Bd6 5. d4 h6 6. O-O O-O 7. Nc3 Nc6 8. b3
dxc4 9. bxc4 e5 10. e3 Re8 11. Bb2 exd4 12. exd4 Bf5 13. Nb5 Be7 14. Qb3 Na5 15.
Qc3 c6 16. Na3 b5 17. c5 Nd5 18. Qc1 Bg5 19. Nxg5 hxg5 20. Re1 Rxe1+ 21. Qxe1 b4
22. Nb1 Qd7 23. Nd2 Re8 24. Qc1 Bh3 25. Be4 Nf4 26. Qd1 Nc4 27. Nxc4 Rxe4 28. f3
Re2 29. gxf4 Qe6 30. d5 cxd5 31. f5 Bxf5 32. Be5 Rc2 33. Ne3 Qxe5 34. Nxc2 Bxc2
35. Qe1 Qd4+ 36. Kh1 g4 37. Rc1 Bf5 38. c6 Qf4 39. c7 Bc8 40. Rc2 Qxf3+ 41. Kg1
d4 42. Qe8+ Kh7 43. Rf2 Qd1+ 44. Rf1 Qd2 45. Qxc8 Qe3+ 46. Rf2 Qe1+ 47. Kg2 Qe4+
48. Kg3 Qe3+ 49. Kxg4 Qe4+ 50. Kg3 Qe5+ 51. Rf4 Qe1+ 52. Kg4 Qe2+ 53. Kf5 Qb5+
54. Ke4 Qc6+ 55. Kxd4 Qd6+ 56. Ke3 Qe5+ 57. Kf3 Qd5+ 58. Kg3 Qd3+ 59. Kh4 g5+
60. Kxg5 Qg6+ 61. Kh4 Qh6+ 62. Kg3 1-0

[Event "57th Capablanca Mem Elite"]
[Site "Havana CUB"]
[Date "2024.05.08"]
[Round "6.1"]
[White "Aryan, Chopra"]
[Black "Quesada Perez, Luis Ernesto"]
[Result "0-1"]
[WhiteTitle "GM"]
[BlackTitle "GM"]
[WhiteElo "2630"]
[BlackElo "2567"]
[WhiteFideId "5084423"]
[BlackFideId "3520773"]
[EventDate "2024.05.03"]

1. d4 Nf6 2. c4 e6 3. Nf3 d5 4. e3 c5 5. cxd5 exd5 6. Be2 Nc6 7. O-O cxd4 8.
Nxd4 Bd6 9. b3 O-O 10. Bb2 Re8 11. Nd2 a6 12. N2f3 Ne4 13. Rc1 Qf6 14. Qc2 Qg6
15. Rfe1 Bh3 16. Bf1 Rac8 17. Qd3 Bg4 18. Be2 Qh6 19. Nxc6 bxc6 20. g3 Bb4 21.
Rf1 Bxf3 22. Bxf3 Nd2 23. Bg4 Nxf1 24. Bxc8 Qxh2+ 25. Kxf1 Rxc8 26. Qxa6 Re8 27.
Qxc6 Qh1+ 28. Ke2 Rxe3+ 0-1

[Event "57th Capablanca Mem Elite"]
[Site "Havana CUB"]
[Date "2024.05.08"]
[Round "6.2"]
[White "Andersen, Mads"]
[Black "Ponomariov, Ruslan"]
[Result "1-0"]
[WhiteTitle "GM"]
[BlackTitle "GM"]
[WhiteElo "2598"]
[BlackElo "2646"]
[WhiteFideId "1413864"]
[BlackFideId "14103320"]
[EventDate "2024.05.03"]

1. e4 c5 2. Nf3 d6 3. Bb5+ Bd7 4. c4 Nc6 5. Nc3 e5 6. d3 Nge7 7. a3 Ng6 8. h4 h5
9. b4 cxb4 10. axb4 Nxb4 11. Rb1 Nc6 12. Ba4 Rb8 13. Be3 Be7 14. g3 b6 15. Nd5
Bf6 16. O-O Nce7 17. Nc3 Rb7 18. Ra1 Bxa4 19. Rxa4 Qd7 20. Nd2 Nf4 21. Nb5 Nxd3
22. Ra3 Nb4 23. Qa4 Nec6 24. Rd1 O-O 25. Nf3 Be7 26. c5 Nd4 27. Bxd4 bxc5 28.
Bxc5 Qxb5 29. Qxb5 Rxb5 30. Bxb4 Rxb4 31. Rxa7 Re8 32. Rc1 Rxe4 33. Rxe7 Rxe7
34. Rc8+ Kh7 35. Ng5+ Kg6 36. Nxe4 d5 37. Nd2 f6 38. Rd8 d4 39. Ne4 Kf5 40. Nd6+
Ke6 41. Ne4 Kf5 42. f3 Ra7 43. Rh8 Ra1+ 44. Kg2 Ra2+ 45. Kh3 Ra3 46. Rxh5+ Kg6
47. Rh8 Rxf3 48. Kg4 Rf1 49. Nd6 f5+ 50. Nxf5 d3 51. Rf8 Kh7 52. Rd8 e4 53. Rd4
Kg6 54. Ne3 Re1 55. Kf4 1-0

[Event "57th Capablanca Mem Elite"]
[Site "Havana CUB"]
[Date "2024.05.08"]
[Round "6.3"]
[White "Albornoz Cabrera, Carlos Daniel"]
[Black "Romanov, Evgeny"]
[Result "1/2-1/2"]
[WhiteTitle "GM"]
[BlackTitle "GM"]
[WhiteElo "2604"]
[BlackElo "2598"]
[WhiteFideId "3518736"]
[BlackFideId "4148843"]
[EventDate "2024.05.03"]

1. e4 c5 2. Nf3 e6 3. d4 cxd4 4. Nxd4 Nf6 5. Nc3 Nc6 6. Ndb5 Bb4 7. a3 Bxc3+ 8.
Nxc3 d5 9. exd5 exd5 10. Bd3 O-O 11. O-O Bg4 12. f3 Bh5 13. Bg5 Qb6+ 14. Kh1 Ne4
15. Nxe4 dxe4 16. Bxe4 Qxb2 17. Qb1 Qb6 18. Qxb6 axb6 19. Rfb1 Bg6 20. Bxg6 hxg6
21. Rxb6 Nd4 22. c3 Nc2 23. Rc1 Nxa3 24. Rxb7 Rfe8 25. Be7 Nc4 26. Rc7 Ne3 27.
Bg5 Nd5 28. Rc5 Nb6 29. Rc6 Nd5 30. c4 Nb4 31. Rd6 Ra3 32. h3 Nd3 33. Rc2 f6 34.
Bh4 Nb4 35. Rb2 Nd3 36. Rc2 Nb4 37. Rcd2 Rc3 38. Rd8 Rxd8 39. Rxd8+ Kf7 40. Rc8
g5 41. Bg3 Nd5 42. Bf2 Rc1+ 43. Kh2 Rc2 44. Kg1 Rc1+ 45. Kh2 Rc2 1/2-1/2

[Event "57th Capablanca Mem Elite"]
[Site "Havana CUB"]
[Date "2024.05.09"]
[Round "7.1"]
[White "Ponomariov, Ruslan"]
[Black "Romanov, Evgeny"]
[Result "1-0"]
[WhiteTitle "GM"]
[BlackTitle "GM"]
[WhiteElo "2646"]
[BlackElo "2598"]
[WhiteFideId "14103320"]
[BlackFideId "4148843"]
[EventDate "2024.05.03"]

1. Nf3 d5 2. c4 dxc4 3. e3 Nf6 4. Bxc4 e6 5. O-O Be7 6. d4 O-O 7. Qe2 b6 8. e4
Bb7 9. Nc3 a6 10. a3 c5 11. Rd1 cxd4 12. Nxd4 Qc7 13. e5 Nfd7 14. Bf4 Rc8 15.
Ba2 Nf8 16. Ne4 Nc6 17. Nd6 Bxd6 18. exd6 Nxd4 19. Rxd4 Qc2 20. Rd2 Qf5 21. Be3
Nd7 22. Rad1 a5 23. f3 Ba6 24. Qf2 Qb5 25. Qg3 g6 26. Qf4 Qh5 27. Rd5 e5 28. Qa4
b5 29. Qxa5 Bb7 30. Qxb5 Bc6 31. Qd3 Qh4 32. b4 Bxd5 33. Bxd5 Rab8 34. Ba7 e4
35. Bxe4 Ne5 36. Qd4 Rb5 37. a4 Rc4 38. Qxc4 Nxc4 39. d7 1-0

[Event "57th Capablanca Mem Elite"]
[Site "Havana CUB"]
[Date "2024.05.09"]
[Round "7.2"]
[White "Albornoz Cabrera, Carlos Daniel"]
[Black "Aryan, Chopra"]
[Result "1/2-1/2"]
[WhiteTitle "GM"]
[BlackTitle "GM"]
[WhiteElo "2604"]
[BlackElo "2630"]
[WhiteFideId "3518736"]
[BlackFideId "5084423"]
[EventDate "2024.05.03"]

1. e4 c5 2. Nf3 e6 3. d4 cxd4 4. Nxd4 Nc6 5. Nc3 Qc7 6. Be3 a6 7. Qf3 Nf6 8.
O-O-O Ne5 9. Qg3 b5 10. f4 Neg4 11. Bg1 h5 12. e5 b4 13. Na4 Nd5 14. h3 Nh6 15.
f5 Bb7 16. Bd3 Be7 17. Kb1 h4 18. Qe1 Nf4 19. Be4 Nxg2 20. Bxg2 Bxg2 21. Rh2 Bd5
22. Rhd2 Rc8 23. Ka1 Qa5 24. b3 f6 25. fxe6 dxe6 26. exf6 Bxf6 27. Kb1 O-O 28.
Nxe6 Bxe6 29. Qxe6+ Kh7 30. Qb6 Qf5 31. Bd4 Bxd4 32. Qxd4 Rfd8 33. Qxb4 Rxc2 34.
Rxc2 Rxd1+ 35. Kb2 Qxh3 36. Qe4+ Qf5 1/2-1/2

[Event "57th Capablanca Mem Elite"]
[Site "Havana CUB"]
[Date "2024.05.09"]
[Round "7.3"]
[White "Quesada Perez, Luis Ernesto"]
[Black "Andersen, Mads"]
[Result "1/2-1/2"]
[WhiteTitle "GM"]
[BlackTitle "GM"]
[WhiteElo "2567"]
[BlackElo "2598"]
[WhiteFideId "3520773"]
[BlackFideId "1413864"]
[EventDate "2024.05.03"]

1. d4 d5 2. c4 e6 3. Nc3 c5 4. cxd5 exd5 5. Nf3 Nf6 6. Bg5 Be6 7. Bxf6 Qxf6 8.
e4 dxe4 9. Bb5+ Nc6 10. Nxe4 Qf4 11. Qe2 Be7 12. O-O O-O 13. Nxc5 Nxd4 14. Nxd4
Bxc5 15. Nxe6 fxe6 16. g3 Qf3 17. Rae1 Rad8 18. Qxf3 Rxf3 19. Re2 Rf6 20. Kg2 g5
21. Bc4 Kf7 22. Rfe1 Rd6 23. f3 b6 24. Rc2 a5 25. Re4 Rd1 26. Kh3 h5 27. Rce2
Kg7 28. Rxe6 Rxe6 29. Bxe6 Rd3 1/2-1/2

[Event "57th Capablanca Mem Elite"]
[Site "Havana CUB"]
[Date "2024.05.10"]
[Round "8.1"]
[White "Andersen, Mads"]
[Black "Aryan, Chopra"]
[Result "1-0"]
[WhiteTitle "GM"]
[BlackTitle "GM"]
[WhiteElo "2598"]
[BlackElo "2630"]
[WhiteFideId "1413864"]
[BlackFideId "5084423"]
[EventDate "2024.05.03"]

1. e4 c5 2. Nf3 Nc6 3. Bb5 e6 4. Bxc6 bxc6 5. d3 Ne7 6. Qe2 f6 7. Nh4 Kf7 8. f4
Ng6 9. Nf3 d5 10. O-O Be7 11. Nc3 Re8 12. b3 Ba6 13. Rd1 Qc7 14. g3 Rad8 15. Bd2
f5 16. Qf2 Kg8 17. e5 c4 18. Be3 d4 19. Nxd4 Bb4 20. Na4 cxd3 21. cxd3 c5 22.
Nc2 Rxd3 23. Rxd3 Bxd3 24. Rc1 Qf7 25. Bxc5 Ba5 26. b4 Bd8 27. Nc3 Ba6 28. Nd4
Qd7 29. Rd1 Bb7 30. h3 Ba8 31. Kh2 Bb6 32. Nxf5 Qc6 33. Nd6 Bxc5 34. bxc5 Rf8
35. Nde4 Nxe5 36. Rd6 Qc8 37. Qe2 Nf7 38. Rd2 Qc6 39. Qc4 Rb8 40. Re2 Kf8 41.
Rd2 Kg8 42. Qd4 h6 43. Qd7 a5 44. Qxc6 Bxc6 45. Kg2 Rb4 46. Kf3 g5 47. Ke3 gxf4+
48. gxf4 Kf8 49. Rd4 Rb2 50. Rd2 Rb4 51. Rd4 Rb2 52. Nd2 a4 53. h4 a3 54. Nc4
Rc2 55. Rd3 Ke7 56. Na5 Bd5 57. Nxd5+ exd5 58. Rxa3 Rxc5 59. Kd4 Rb5 60. Nc6+
Ke6 61. Rb3 Nd6 62. Rxb5 Nxb5+ 63. Kc5 Nc3 64. Nd4+ Kd7 65. a3 h5 66. f5 Ke7 67.
Nb5 Na4+ 68. Kxd5 Kf6 69. Nd4 Nb6+ 70. Kc5 Na4+ 71. Kb4 Nb2 72. a4 Ke5 73. a5
Kxd4 74. a6 Nd3+ 75. Kb5 Nf4 76. a7 Kd5 1-0